| 000 | 01202nam a2200241Ia 4500 | ||
|---|---|---|---|
| 003 | PE SENCICO BE | ||
| 005 | 20251020182436.0 | ||
| 008 | 200515s9999 xx 000 0 und d | ||
| 020 | _a958-699-001-X | ||
| 040 |
_aPE SENCICO BE _cPE SENCICO BE |
||
| 041 | _aspa | ||
| 082 |
_a658.4033 _bG26 |
||
| 100 | 1 |
_aGarcía, Jaime A. _93122 _eautor |
|
| 245 | 1 | 0 |
_aMatemáticas financieras con ecuaciones de diferencia finita / _cJaime A. García |
| 250 | _a4a ed. | ||
| 260 |
_aSantafé de Bogotá : _bPearson Educación de Colombia ; _c2000 |
||
| 300 |
_a303 páginas : _bdiagramas ; _c23 cm. |
||
| 505 | 0 | _aFunciones exponencial y logarítmica. Progresiones -- Ecuaciones de diferencia finita -- Interés-valores presente y futuro -- Series uniformes o anualidades -- Series variables -- Amortización y saldos -- Valor presente neto, VPN -- Costo anual uniforme equivalente, CAUE -- Tasa interna de retorno, TIR | |
| 520 | 3 | _aProporciona las herramientas financieras necesarias para enfrentar decisiones que involucran evaluación de proyectos. Se fundamenta en las ecuaciones de diferencia finita. | |
| 650 | 1 | 0 |
_aMatemáticas financieras _92274 |
| 650 | 2 | 0 |
_aEcuaciones _9578 |
| 942 |
_cLIB _2ddc |
||
| 999 |
_c408 _d408 |
||